Grow rich with peach of mind / (Record no. 64001)

MARC details
000 -LEADER
fixed length control field 00463nam a22001697a 4500
005 - DATE AND TIME OF LATEST TRANSACTION
control field 20181218163510.0
010 ## - LCCN (DPL NO)
LC control number B-218814
020 ## - INTERNATIONAL STANDARD BOOK NUMBER
International Standard Book Number 8183820700
Terms of availability 125.00
035 ## - SYSTEM CONTROL NUMBER
System control number B-218796 B-218813 B-218814
037 ## - SOURCE OF ACQUISITION
Stock number DPL
Source of stock number/acquisition ENG
100 ## - MAIN ENTRY--PERSONAL NAME
Personal name Billy, Chris
245 ## - TITLE STATEMENT
Title Grow rich with peach of mind /
Statement of responsibility, etc by Chris Billy
260 ## - PUBLICATION, DISTRIBUTION, ETC. (IMPRINT)
Place of publication, distribution, etc New Delhi
Name of publisher, distributor, etc Lotus Press
Date of publication, distribution, etc 2006
300 ## - PHYSICAL DESCRIPTION
Extent v, 166p.
Dimensions 18 cms.
942 ## - ADDED ENTRY ELEMENTS (KOHA)
Source of classification or shelving scheme Dewey Decimal Classification
Item type English Books
Classification part 158.1
Call number suffix BIL
Holdings
Withdrawn status Lost status Not for loan Collection code Home library Current library Date acquired Cost, normal purchase price Full call number Barcode Cost, replacement price Koha item type
      Non-fiction R.C.Libraries (zls) R.C.Libraries (zls) 13/11/2018 125.00 158.1 BIL B-218813 125.00 English Books
      Non-fiction R.C.Libraries (zls) R.C.Libraries (zls) 16/11/2018 125.00 158.1 BIL B-218814 125.00 English Books
      Non-fiction Sarojini Nagar Sarojini Nagar 13/03/2012 125.00 158.1 BIL B-218796 125.00 English Books
      Non-fiction Sarojini Nagar Sarojini Nagar 13/03/2012 125.00 158.1 BIL B-218818 125.00 English Books
      Non-fiction Sarojini Nagar Sarojini Nagar 13/03/2012 125.00 158.1 BIL B-218817 125.00 English Books
      Non-fiction Sarojini Nagar Sarojini Nagar 13/03/2012 125.00 158.1 BIL B-218792 125.00 English Books

© Delhi Public Library
Hit Counter
free hit counter